[Event "25. Copenhagen Open  (Politiken Cup)"]
[Site "Copenhagen"]
[Date "2003.07.15"]
[Round "2"]
[White "Semcesen, Daniel"]
[Black "Johansen, Anders Sten"]
[Result "1-0"]
[WhiteElo "2234"]
[BlackElo "1590"]
[PlyCount "89"]
[EventDate "2003.07.14"]
[EventType "swiss"]
[EventRounds "11"]
[EventCountry "DEN"]
[SourceDate "2004.01.01"]

1. e4 c5 2. Nf3 d6 3. Bc4 e6 4. Bb3 Nc6 5. c3 Nf6 6. d3 Be7 7. O-O O-O 8. Re1
e5 9. h3 Na5 10. Bc2 b5 11. d4 Qc7 12. d5 Bd7 13. b3 Nb7 14. Nbd2 a5 15. Qe2
Ne8 16. a4 b4 17. Nc4 Qd8 18. Bd2 f5 19. exf5 Bxf5 20. Bxf5 Rxf5 21. Qd3 Rf8
22. Re2 h6 23. Qg6 Rf6 24. Qg3 Nc7 25. Ne3 Qe8 26. Nh4 bxc3 27. Bxc3 Qh5 28.
Rd2 Raf8 29. Qg4 Qf7 30. Nf3 Rg6 31. Qe4 Bg5 32. Nxg5 Rxg5 33. Rf1 Qh5 34. f4
exf4 35. Rxf4 Re8 36. Qf3 Rxe3 37. Qxe3 Nxd5 38. Qe6+ Kh7 39. Qe4+ Kg8 40. Rxd5
Rxd5 41. Rg4 Rg5 42. Qxb7 Rxg4 43. Qc8+ Kh7 44. hxg4 Qh4 45. Qd7 1-0

[Event "25. Copenhagen Open  (Politiken Cup)"]
[Site "Copenhagen"]
[Date "2003.07.15"]
[Round "2"]
[White "Simonsen, Hans Kristian"]
[Black "Nielsen, Jrgen Kamp"]
[Result "1-0"]
[WhiteElo "2233"]
[BlackElo "1170"]
[PlyCount "49"]
[EventDate "2003.07.14"]
[EventType "swiss"]
[EventRounds "11"]
[EventCountry "DEN"]
[SourceDate "2004.01.01"]

1. Nf3 Nf6 2. d4 g6 3. c4 Bg7 4. Nc3 O-O 5. e4 d6 6. Be2 e5 7. Be3 Na6 8. O-O
Ng4 9. Bg5 Qe8 10. c5 h6 11. Bh4 Nb4 12. a3 Nc6 13. d5 Ne7 14. Nb5 Qd7 15. cxd6
cxd6 16. Rc1 g5 17. Bg3 f5 18. Nd2 f4 19. Rc7 fxg3 20. Rxd7 Nxf2 21. Qb3 gxh2+
22. Kxh2 Bxd7 23. Nc7 Ng4+ 24. Bxg4 Rxf1 25. Bxd7 1-0

[Event "25. Copenhagen Open  (Politiken Cup)"]
[Site "Copenhagen"]
[Date "2003.07.15"]
[Round "2"]
[White "Skjoldan, Benjamin"]
[Black "Johnson, Bjrn"]
[Result "1-0"]
[WhiteElo "2092"]
[BlackElo "2256"]
[PlyCount "93"]
[EventDate "2003.07.14"]
[EventType "swiss"]
[EventRounds "11"]
[EventCountry "DEN"]
[SourceDate "2004.01.01"]

1. d4 e6 2. c4 d5 3. g3 c6 4. Bg2 Bd6 5. Nf3 f5 6. O-O Nf6 7. Qc2 O-O 8. Ne5 b6
9. Rd1 Bb7 10. Bf4 Nh5 11. Bc1 Qe7 12. b3 Rc8 13. cxd5 cxd5 14. Nc3 Nf6 15. Qb2
a6 16. Na4 Nfd7 17. Nd3 Bc6 18. Nc3 b5 19. a3 a5 20. Bf4 Na6 21. Bxd6 Qxd6 22.
e3 b4 23. Ne2 Bb5 24. a4 Bxd3 25. Rxd3 Rc6 26. h4 Rac8 27. Rd2 Qc7 28. Ra2 Nf6
29. f3 Rc3 30. Kf2 h6 31. Rd1 Rc6 32. Raa1 Rc2 33. Qxc2 Qxc2 34. Rdc1 Qxb3 35.
Rxc8+ Kh7 36. Rc6 Qd3 37. Rac1 Nb8 38. Rxe6 Qb3 39. Bh3 Kg6 40. Nf4+ Kf7 41.
Bxf5 Nbd7 42. Bg6+ Kg8 43. Rc8+ Nf8 44. Rxf6 gxf6 45. Ne6 Qb2+ 46. Kg1 Qb1+ 47.
Bxb1 1-0

[Event "25. Copenhagen Open  (Politiken Cup)"]
[Site "Copenhagen"]
[Date "2003.07.15"]
[Round "2"]
[White "Skytte, Rasmus"]
[Black "Tidman, Sophie E"]
[Result "1/2-1/2"]
[WhiteElo "2404"]
[BlackElo "2126"]
[PlyCount "61"]
[EventDate "2003.07.14"]
[EventType "swiss"]
[EventRounds "11"]
[EventCountry "DEN"]
[SourceDate "2004.01.01"]

1. e4 e6 2. d4 d5 3. e5 c5 4. c3 Nc6 5. Nf3 Bd7 6. Bd3 cxd4 7. cxd4 Qb6 8. O-O
Nxd4 9. Ng5 Nh6 10. Nc3 Nc6 11. Re1 g6 12. Qf3 Bg7 13. Qh3 O-O-O 14. Nf3 Nf5
15. Bxf5 gxf5 16. Bf4 Qb4 17. Qh4 Kb8 18. Nxd5 exd5 19. e6+ Ka8 20. exd7 Qxb2
21. Rab1 Qa3 22. Qg5 Rxd7 23. Qxf5 Rdd8 24. Re3 Bc3 25. Qxf7 Na5 26. Re7 Bb4
27. Re3 Bc3 28. g3 Qxa2 29. Rd1 Rhf8 30. Qxh7 d4 31. Red3 1/2-1/2

[Event "25. Copenhagen Open  (Politiken Cup)"]
[Site "Copenhagen"]
[Date "2003.07.15"]
[Round "2"]
[White "Solleveld, Maarten"]
[Black "Nielsen, Borge Hjerrild"]
[Result "1-0"]
[WhiteElo "2458"]
[BlackElo "2134"]
[PlyCount "27"]
[EventDate "2003.07.14"]
[EventType "swiss"]
[EventRounds "11"]
[EventCountry "DEN"]
[SourceDate "2004.01.01"]

1. e4 c6 2. c4 d5 3. cxd5 cxd5 4. exd5 Qxd5 5. Nc3 Qd6 6. Nf3 Nf6 7. d4 e6 8.
Bc4 Be7 9. O-O O-O 10. Re1 Nc6 11. Bb3 Rd8 12. Nb5 Qd7 13. Bf4 Ne5 14. Rxe5 1-0

[Event "25. Copenhagen Open  (Politiken Cup)"]
[Site "Copenhagen"]
[Date "2003.07.15"]
[Round "2"]
[White "Spanton, Timothy"]
[Black "Christensen, Christoffer"]
[Result "1-0"]
[WhiteElo "2021"]
[BlackElo "1599"]
[PlyCount "61"]
[EventDate "2003.07.14"]
[EventType "swiss"]
[EventRounds "11"]
[EventCountry "DEN"]
[SourceDate "2004.01.01"]

1. e4 d6 2. c4 g6 3. Nc3 Bg7 4. Nge2 Nf6 5. g3 O-O 6. Bg2 Nbd7 7. O-O a5 8. Rb1
Ne5 9. d3 Nc6 10. a3 e5 11. b4 Be6 12. Nd5 Ne7 13. bxa5 c6 14. Nxf6+ Bxf6 15.
Rxb7 Qxa5 16. Qb3 Ra7 17. Rxa7 Qxa7 18. Be3 Rb8 19. Qa2 c5 20. Nc3 Nc6 21. Rb1
Ra8 22. Nb5 Qa4 23. Qb3 Nd4 24. Bxd4 exd4 25. h4 Ra5 26. Nxd6 Be7 27. Nb5 Bd7
28. Kf1 Bxb5 29. cxb5 Qxa3 30. b6 Qb4 31. Qc2 1-0

[Event "25. Copenhagen Open  (Politiken Cup)"]
[Site "Copenhagen"]
[Date "2003.07.15"]
[Round "2"]
[White "Stolberg-Rohr, Thomine"]
[Black "Jacobsen, Claus"]
[Result "1-0"]
[WhiteElo "1773"]
[BlackElo "1075"]
[PlyCount "83"]
[EventDate "2003.07.14"]
[EventType "swiss"]
[EventRounds "11"]
[EventCountry "DEN"]
[SourceDate "2004.01.01"]

1. e4 e5 2. Nc3 Nc6 3. Bc4 Nf6 4. d3 h6 5. f4 Bc5 6. Nf3 d6 7. Na4 b6 8. Nxc5
bxc5 9. O-O Bb7 10. fxe5 Nxe5 11. Nxe5 dxe5 12. Be3 Qd6 13. Qd2 O-O 14. Rf3
Bxe4 15. dxe4 Nxe4 16. Qxd6 cxd6 17. Bd5 Nf6 18. Bxa8 Rxa8 19. Rd1 Ne4 20. Bc1
f6 21. g4 Kf7 22. h4 Ke6 23. Rb3 g5 24. h5 d5 25. Rb7 Nd6 26. Rc7 c4 27. c3 a5
28. Rc5 Ra6 29. Rcxd5 Ne4 30. Rd8 Rd6 31. R1xd6+ Nxd6 32. Ra8 f5 33. gxf5+ Nxf5
34. Rxa5 Ng3 35. Be3 Nxh5 36. Ra6+ Kf5 37. Rxh6 Nf4 38. a4 Ke4 39. Bb6 Kf3 40.
a5 Ne2+ 41. Kf1 g4 42. a6 1-0

[Event "25. Copenhagen Open  (Politiken Cup)"]
[Site "Copenhagen"]
[Date "2003.07.15"]
[Round "2"]
[White "Struch, Thomas"]
[Black "Skovgaard, Peter Nicolai"]
[Result "1-0"]
[WhiteElo "1600"]
[BlackElo "2038"]
[PlyCount "81"]
[EventDate "2003.07.14"]
[EventType "swiss"]
[EventRounds "11"]
[EventCountry "DEN"]
[SourceDate "2004.01.01"]

1. e4 c5 2. c3 d5 3. exd5 Qxd5 4. d4 Nc6 5. Nf3 cxd4 6. cxd4 e5 7. Nc3 Bb4 8.
Be2 e4 9. O-O Bxc3 10. bxc3 exf3 11. Bxf3 Qd6 12. Re1+ Be6 13. d5 O-O-O 14.
dxc6 Qxd1 15. cxb7+ Kc7 16. Rxd1 Rxd1+ 17. Bxd1 Kxb7 18. Bf3+ Ka6 19. Rb1 Nf6
20. Be2+ Ka5 21. Be3 Rc8 22. Rb7 a6 23. c4 Ne4 24. f3 Nd6 25. Bd2+ Ka4 26. Bd1+
Ka3 27. Bb4+ Kxa2 28. Bxd6 Bxc4 29. Rc7 Rxc7 30. Bxc7 h5 31. Kf2 Ka3 32. Ke3
Kb4 33. Kd4 Be6 34. Bd6+ Kb5 35. Be2+ Kb6 36. Bc4 Bxc4 37. Kxc4 Kc6 38. Bf8 g6
39. Kd4 Kd7 40. Ke5 g5 41. Kf6 1-0

[Event "25. Copenhagen Open  (Politiken Cup)"]
[Site "Copenhagen"]
[Date "2003.07.15"]
[Round "2"]
[White "Thestrup, Sixten"]
[Black "Nielsen, Jan Mose"]
[Result "0-1"]
[WhiteElo "1704"]
[BlackElo "2111"]
[PlyCount "72"]
[EventDate "2003.07.14"]
[EventType "swiss"]
[EventRounds "11"]
[EventCountry "DEN"]
[SourceDate "2004.01.01"]

1. e4 c5 2. Nc3 Nc6 3. f4 d6 4. Nf3 g6 5. Bb5 Bg7 6. O-O e6 7. d4 cxd4 8. Nxd4
Nge7 9. Be3 O-O 10. Qd2 d5 11. Rad1 a6 12. Ba4 b5 13. Bb3 dxe4 14. Nxc6 Nxc6
15. Qf2 Qf6 16. Nxe4 Qxb2 17. Rb1 {Diagram #} Qd4 18. Qf3 Qxe3+ 19. Qxe3 Bd4
20. Qxd4 Nxd4 21. Rbd1 Nf5 22. Rd3 a5 23. c3 a4 24. Bc2 Bb7 25. Nc5 Bc6 26.
Rfd1 Kg7 27. g4 Ne7 28. Rd6 Bf3 29. R1d2 Bxg4 30. Be4 Rac8 31. Nb7 Rxc3 32. Rd7
Ng8 33. Bd3 Nf6 34. Rd4 Rb8 35. Nd6 b4 36. Nb5 Rxd3 0-1

[Event "25. Copenhagen Open  (Politiken Cup)"]
[Site "Copenhagen"]
[Date "2003.07.15"]
[Round "2"]
[White "Trarup, Jorgen"]
[Black "Liden, Tommy"]
[Result "0-1"]
[WhiteElo "1360"]
[BlackElo "1883"]
[PlyCount "66"]
[EventDate "2003.07.14"]
[EventType "swiss"]
[EventRounds "11"]
[EventCountry "DEN"]
[SourceDate "2004.01.01"]

1. e4 d5 2. exd5 Qxd5 3. Nc3 Qd6 4. Nf3 Nf6 5. d3 a6 6. Qd2 Nbd7 7. Qf4 e6 8.
Qxd6 Bxd6 9. Be2 b5 10. O-O Bb7 11. h3 h6 12. a3 g5 13. Nh2 Rg8 14. f3 Bc5+ 15.
Kh1 Nh5 16. Ng4 Ng3+ 17. Kh2 Nxf1+ 18. Bxf1 f5 19. Ne3 h5 20. Ne2 g4 21. Ng1 f4
22. hxg4 fxe3 23. gxh5 O-O-O 24. Be2 Rdf8 25. b4 Bd4 26. Rb1 Nf6 27. g4 Nd5 28.
c4 Nc3 29. Rb2 Nxe2 30. Rxe2 Bxf3 31. Nxf3 Rxf3 32. Rg2 Rf2 33. cxb5 Rxg4 0-1

[Event "25. Copenhagen Open  (Politiken Cup)"]
[Site "Copenhagen"]
[Date "2003.07.15"]
[Round "2"]
[White "Vik Hansen, Rune"]
[Black "Edvardsen, Ingar"]
[Result "1-0"]
[WhiteElo "1787"]
[BlackElo "1156"]
[PlyCount "73"]
[EventDate "2003.07.14"]
[EventType "swiss"]
[EventRounds "11"]
[EventCountry "DEN"]
[SourceDate "2004.01.01"]

1. e4 e5 2. Nf3 Nc6 3. Bc4 Bc5 4. b4 Bb6 5. Nc3 d6 6. Nd5 Bg4 7. c3 f5 8. d3 f4
9. a4 a6 10. Nxb6 cxb6 11. h3 Bd7 12. Qb3 Nh6 13. Bb2 Qf6 14. O-O-O g5 15. Bd5
b5 16. a5 g4 17. hxg4 Nxg4 18. Rd2 h5 19. Kb1 Rb8 20. Qa3 Na7 21. d4 Bc6 22.
dxe5 dxe5 23. Bxc6+ Qxc6 24. Rd5 Qg6 25. Re1 O-O 26. Nxe5 Nxe5 27. Rxe5 Qxg2
28. Qb3+ Kg7 29. Rxh5 Qxf2 30. c4+ Kg6 31. Reh1 Qe2 32. Rh6+ Kg5 33. Rg1+ Kxh6
34. Qh3+ Qh5 35. Bg7+ Kh7 36. Qxh5+ Kg8 37. Bf6# 1-0

[Event "25. Copenhagen Open  (Politiken Cup)"]
[Site "Copenhagen"]
[Date "2003.07.15"]
[Round "2"]
[White "Vovk, Oksana"]
[Black "Hovmoller, Kristian"]
[Result "1-0"]
[WhiteElo "2107"]
[BlackElo "2302"]
[PlyCount "75"]
[EventDate "2003.07.14"]
[EventType "swiss"]
[EventRounds "11"]
[EventCountry "DEN"]
[SourceDate "2004.01.01"]

1. c4 Nf6 2. Nc3 c5 3. e4 d6 4. Nf3 e5 5. d3 Be7 6. Be2 O-O 7. O-O Nc6 8. Rb1
Nd4 9. a3 Bd7 10. b4 b6 11. Nxd4 cxd4 12. Nd5 Nxd5 13. exd5 f5 14. f4 Rc8 15.
g3 Bf6 16. Bb2 Qe7 17. Re1 g5 18. fxe5 dxe5 19. Bf3 Qd6 20. g4 Bg7 21. Bc1 Qf6
22. Rb2 e4 23. dxe4 fxe4 24. Bxe4 Rxc4 25. Bxh7+ Kh8 26. Be4 d3 27. Rg2 Rc2 28.
Be3 Ba4 29. Rxc2 Bxc2 30. Qd2 Qc3 31. Rf1 Rxf1+ 32. Kxf1 Qe5 33. Bxd3 Bb3 34.
Qc1 Qf6+ 35. Ke2 Bxd5 36. Qc8+ Bf8 {Diagram #} 37. Bd4 Bf3+ 38. Kd2 1-0

[Event "25. Copenhagen Open  (Politiken Cup)"]
[Site "Copenhagen"]
[Date "2003.07.15"]
[Round "2"]
[White "Ward, Christopher"]
[Black "Grubert, Christian"]
[Result "1-0"]
[WhiteElo "2531"]
[BlackElo "2168"]
[PlyCount "61"]
[EventDate "2003.07.14"]
[EventType "swiss"]
[EventRounds "11"]
[EventCountry "DEN"]
[SourceDate "2004.01.01"]

1. d4 g6 2. e4 Bg7 3. c4 c5 4. d5 d6 5. Nc3 Nf6 6. Nge2 O-O 7. Ng3 e5 8. h4 h5
9. Bg5 Nbd7 10. Be2 Re8 11. Qd2 Nf8 12. Nf1 N8h7 13. Bh6 a6 14. Bxg7 Kxg7 15.
a4 Bd7 16. f3 Qa5 17. Ra3 Rab8 18. Ne3 Qd8 19. g3 Qe7 20. Bd3 Nf8 21. Qg2 Kh7
22. Kd2 Bc8 23. Raa1 N8d7 24. Kc2 b6 25. Rhf1 Nf8 26. Rf2 Qd7 27. Raf1 Qh3 28.
Qg1 Rb7 29. f4 exf4 30. Rxf4 N8d7 31. R1f2 1-0

[Event "25. Copenhagen Open  (Politiken Cup)"]
[Site "Copenhagen"]
[Date "2003.07.15"]
[Round "2"]
[White "Wilsbeck, Jan Borge"]
[Black "Kristjansson, Atli Freyr"]
[Result "1-0"]
[WhiteElo "1975"]
[BlackElo "1560"]
[PlyCount "113"]
[EventDate "2003.07.14"]
[EventType "swiss"]
[EventRounds "11"]
[EventCountry "DEN"]
[SourceDate "2004.01.01"]

1. e4 e6 2. d4 d5 3. e5 c5 4. c3 Nc6 5. Nf3 Qb6 6. a3 cxd4 7. cxd4 Nge7 8. Nc3
Nf5 9. Na4 Qc7 10. g4 Nfe7 11. Be3 f6 12. Rc1 Ng6 13. h4 Bd7 14. h5 Nge7 15. b4
a6 16. Nc5 Bc8 17. a4 b6 18. Nxe6 Bxe6 19. b5 Qd7 20. bxc6 Nxc6 21. g5 fxe5 22.
Nxe5 Nxe5 23. dxe5 Bb4+ 24. Bd2 Bxd2+ 25. Qxd2 Qxa4 26. Bd3 Kd7 27. f4 Rac8 28.
O-O Rxc1 29. Rxc1 Rc8 30. Rxc8 Kxc8 31. Bxh7 Qa1+ 32. Kg2 Qa3 33. Bd3 Kb7 34.
h6 gxh6 35. gxh6 Qf8 36. h7 Qg7+ 37. Kh1 Bg4 38. Qf2 a5 39. Qg3 a4 40. Bb1 b5
41. Bf5 Qh6+ 42. Qh2 Bf3+ 43. Kg1 Bh5 44. Qg3 a3 45. Qxa3 Qg7+ 46. Kf2 Bg6 47.
Qg3 Qxh7 48. Bxg6 Qc7 49. e6 Qb6+ 50. Qe3 d4 51. Qe4+ Kc7 52. e7 d3+ 53. Qe3
Qxg6 54. e8=Q Qh6 55. Qc5+ Kb7 56. Qd7+ Kb8 57. Qcc8# 1-0

[Event "25. Copenhagen Open  (Politiken Cup)"]
[Site "Copenhagen"]
[Date "2003.07.15"]
[Round "2"]
[White "Zachariassen, John"]
[Black "Knudsen, Erik"]
[Result "1-0"]
[WhiteElo "1781"]
[BlackElo "1105"]
[PlyCount "55"]
[EventDate "2003.07.14"]
[EventType "swiss"]
[EventRounds "11"]
[EventCountry "DEN"]
[SourceDate "2004.01.01"]

1. c4 c6 2. g3 d5 3. cxd5 cxd5 4. Bg2 Nf6 5. Nf3 Nc6 6. O-O Bf5 7. d3 e6 8. Qa4
Bc5 9. Bg5 h6 10. Bd2 O-O 11. Nc3 Qb6 12. Rac1 Ng4 13. Nd1 Rfe8 14. a3 a5 15.
h3 Nf6 16. g4 Bg6 17. h4 Nd4 18. Nxd4 Bxd4 19. g5 hxg5 20. hxg5 Ng4 21. e3 Bxb2
22. Rb1 Bxd3 23. Rxb2 Qd6 24. Qxg4 Bxf1 25. Bxf1 Rac8 26. Rxb7 Qxa3 27. g6 f6
28. Qh5 1-0

[Event "25. Copenhagen Open  (Politiken Cup)"]
[Site "Copenhagen"]
[Date "2003.07.15"]
[Round "2"]
[White "Ostergaard, Rasmus"]
[Black "Kallio, Heikki"]
[Result "0-1"]
[WhiteElo "2166"]
[BlackElo "2471"]
[PlyCount "128"]
[EventDate "2003.07.14"]
[EventType "swiss"]
[EventRounds "11"]
[EventCountry "DEN"]
[SourceDate "2004.01.01"]

1. d4 Nf6 2. c4 e6 3. g3 Bb4+ 4. Bd2 a5 5. Nf3 b6 6. Bg2 Bb7 7. O-O Bxd2 8.
Qxd2 O-O 9. Nc3 Ne4 10. Qc2 Nxc3 11. Qxc3 d6 12. Rfe1 Nd7 13. e4 a4 14. Rad1
Ra5 15. Re2 e5 16. dxe5 Nxe5 17. Nxe5 Rxe5 18. f4 Rc5 19. Qd4 Qa8 20. Rde1 Qa5
21. e5 Bxg2 22. Kxg2 dxe5 23. Rxe5 Rxe5 24. Rxe5 Qb4 25. Rb5 Qe1 26. Re5 Qb1
27. a3 Qc2+ 28. Kh3 c5 29. Qd7 Qxc4 30. Re8 g6 31. Rxf8+ Kxf8 32. Qd6+ Kg7 33.
Qe5+ f6 34. Qc7+ Qf7 35. Qxb6 Qd7+ 36. Kg2 Qd5+ 37. Kg1 Qd4+ 38. Kf1 g5 39.
fxg5 fxg5 40. Kg2 h5 41. h3 g4 42. hxg4 hxg4 43. Kh1 Qe4+ 44. Kg1 Qe3+ 45. Kg2
Qf3+ 46. Kh2 Qf2+ 47. Kh1 Qf1+ 48. Kh2 Qh3+ 49. Kg1 Qxg3+ 50. Kh1 Qf3+ 51. Kg1
Qe3+ 52. Kg2 Qf3+ 53. Kg1 Qd5 54. Kf2 Kf7 55. Kg1 Ke7 56. Kf2 Qd6 57. Qb7+ Kf6
58. Kg2 Kg5 59. Qg7+ Kf4 60. Qf7+ Ke3 61. Qe8+ Kd2 62. Qxa4 Qd5+ 63. Kh2 Qe5+
64. Kg1 Qd4+ 0-1

[Event "25. Copenhagen Open  (Politiken Cup)"]
[Site "Copenhagen"]
[Date "2003.07.16"]
[Round "3"]
[White "Abrahamsson, Daniel"]
[Black "Jiretorn, Eva"]
[Result "1-0"]
[WhiteElo "1671"]
[BlackElo "2146"]
[PlyCount "167"]
[EventDate "2003.07.14"]
[EventType "swiss"]
[EventRounds "11"]
[EventCountry "DEN"]
[SourceDate "2004.01.01"]

1. d4 Nf6 2. Nf3 g6 3. c4 Bg7 4. Nc3 O-O 5. e4 d6 6. Be2 e5 7. Be3 Nc6 8. d5
Ne7 9. h3 Ne8 10. c5 f5 11. cxd6 cxd6 12. Ng5 f4 13. Bc1 Nc7 14. h4 h6 15. Nf3
Ne8 16. Qb3 Rf7 17. Bd2 a6 18. O-O-O b5 19. Kb1 Nf6 20. Nh2 Qb6 21. f3 Nd7 22.
g4 Nc5 23. Qc2 Bd7 24. b4 Na4 25. Nxa4 bxa4 26. a3 Rc8 27. Qb2 Rff8 28. Rc1
Rxc1+ 29. Bxc1 Rb8 30. Bd3 a5 31. Bd2 Kh7 32. Bc4 Nc8 33. Ka2 Na7 34. Rb1 Bb5
35. Bxb5 Qxb5 36. Rc1 Rb7 37. Qc2 axb4 38. Bxb4 Bf8 39. Qc4 Qb6 40. h5 g5 41.
Rc2 Be7 42. Nf1 Bd8 43. Nd2 Kg7 44. Qc3 Bc7 45. Nc4 Qa6 46. Rb2 Nb5 47. Qd3 Nd4
48. Nxe5 Qxd3 49. Nxd3 Kf7 50. Ne1 Ke8 51. Bc3 Rxb2+ 52. Kxb2 Ne2 53. Bb4 Kd7
54. Kc2 Bb6 55. Kd2 Ng1 56. Bc3 Bc5 57. Bb2 Kc7 58. Kd3 Kb6 59. Bg7 Bxa3 60.
Nc2 Bc5 61. Bxh6 Nxf3 62. Bg7 Ne5+ 63. Bxe5 dxe5 64. h6 Bf8 65. h7 Bg7 66. Ne1
Kc5 67. Kc3 Kd6 68. Kb4 Ke7 69. Kxa4 Kf7 70. Kb5 Kg6 71. Kc6 Kxh7 72. Kc7 Bf8
73. d6 Kg6 74. d7 Bb4 75. Nf3 Kf7 76. d8=Q Ba5+ 77. Kd7 Bxd8 78. Kxd8 Ke6 79.
Nxg5+ Kd6 80. Nf3 Kc5 81. Ke7 Kc4 82. g5 Kd3 83. Nxe5+ Kxe4 84. Ke6 1-0

[Event "25. Copenhagen Open  (Politiken Cup)"]
[Site "Copenhagen"]
[Date "2003.07.16"]
[Round "3"]
[White "Andersen, Erik Rune Egede"]
[Black "Pedersen, Rune Linnebo"]
[Result "1-0"]
[WhiteElo "2109"]
[BlackElo "1800"]
[PlyCount "66"]
[EventDate "2003.07.14"]
[EventType "swiss"]
[EventRounds "11"]
[EventCountry "DEN"]
[SourceDate "2004.01.01"]

1. e4 c5 2. c3 Nf6 3. e5 Nd5 4. Nf3 Nc6 5. Bc4 Nb6 6. Bb3 d5 7. exd6 Qxd6 8.
Na3 Bf5 9. d4 cxd4 10. Nb5 Qd8 11. Bf4 Rc8 12. Nfxd4 Nxd4 13. Nxd4 Bd7 14. Qf3
e6 15. Rd1 Qf6 16. O-O g5 17. Nxe6 fxe6 18. Rxd7 Nxd7 19. Qxb7 gxf4 20. Qxc8+
Ke7 21. Ba4 Kf7 22. Qxd7+ Be7 23. Re1 Rd8 24. Qb7 Rd2 25. Qe4 Bc5 26. Qxh7+ Kf8
27. Rf1 e5 28. h4 Bxf2+ 29. Rxf2 Qb6 30. Qf5+ Kg8 31. Bb3+ Kh8 32. Qh5+ Kg7 33.
Qxe5+ Kh6 1-0

[Event "25. Copenhagen Open  (Politiken Cup)"]
[Site "Copenhagen"]
[Date "2003.07.16"]
[Round "3"]
[White "Andersen, Kaare Vissing"]
[Black "Nilssen, John Arni"]
[Result "0-1"]
[WhiteElo "2245"]
[BlackElo "2382"]
[PlyCount "56"]
[EventDate "2003.07.14"]
[EventType "swiss"]
[EventRounds "11"]
[EventCountry "DEN"]
[SourceDate "2004.01.01"]

1. e4 c5 2. Nf3 Nc6 3. d3 g6 4. g3 Bg7 5. Bg2 d6 6. O-O e5 7. a4 Nge7 8. Na3
O-O 9. c3 h6 10. Rb1 Bg4 11. h3 Be6 12. Be3 Qd7 13. Kh2 f5 14. Qd2 Kh7 15. b4
cxb4 16. cxb4 Rac8 17. b5 Nd4 18. Bxd4 exd4 19. Nc2 fxe4 20. dxe4 Ba2 21. Rb2
Bc4 22. Rd1 d3 23. Ncd4 d5 24. e5 Nf5 25. Re1 Rce8 26. Qc3 Re7 27. Bf1 Nxd4 28.
Nxd4 Rxe5 0-1

[Event "25. Copenhagen Open  (Politiken Cup)"]
[Site "Copenhagen"]
[Date "2003.07.16"]
[Round "3"]
[White "Andreasen, Jakup a Rogvi"]
[Black "Kokholm, Daniel"]
[Result "1/2-1/2"]
[WhiteElo "1784"]
[BlackElo "2115"]
[PlyCount "46"]
[EventDate "2003.07.14"]
[EventType "swiss"]
[EventRounds "11"]
[EventCountry "DEN"]
[SourceDate "2004.01.01"]

1. e4 Nc6 2. c4 e5 3. Nc3 Bc5 4. Nf3 d6 5. Be2 a5 6. d3 f5 7. Nd5 Nce7 8. Bg5
c6 9. Nxe7 Nxe7 10. Nh4 O-O 11. O-O g6 12. exf5 Bxf5 13. Bg4 Qc8 14. Nxf5 Nxf5
15. Kh1 Qc7 16. Bxf5 Rxf5 17. Be3 Bxe3 18. fxe3 Raf8 19. Qe2 Qb6 20. Kg1 a4 21.
Rxf5 Rxf5 22. Rf1 Rxf1+ 23. Kxf1 d5 1/2-1/2

[Event "25. Copenhagen Open  (Politiken Cup)"]
[Site "Copenhagen"]
[Date "2003.07.16"]
[Round "3"]
[White "Auchenberg, Per"]
[Black "Zachariassen, John"]
[Result "1-0"]
[WhiteElo "2075"]
[BlackElo "1781"]
[PlyCount "105"]
[EventDate "2003.07.14"]
[EventType "swiss"]
[EventRounds "11"]
[EventCountry "DEN"]
[SourceDate "2004.01.01"]

1. d4 g6 2. c4 Bg7 3. Nc3 d6 4. e4 Nc6 5. Be3 Nf6 6. f3 a6 7. Qd2 Bd7 8. Nge2
h6 9. O-O-O b5 10. cxb5 axb5 11. Nxb5 Rxa2 12. Nec3 Ra1+ 13. Kc2 Rxd1 14. Kxd1
Qb8 15. Be2 Nd8 16. Ke1 c6 17. Na3 g5 18. Kf2 Ne6 19. h4 Rg8 20. hxg5 hxg5 21.
g3 Kf8 22. d5 cxd5 23. exd5 Nc5 24. Bxg5 Qb4 25. Rh4 Qb6 26. Be3 Bf5 27. b4
Ng4+ 28. Rxg4 Bxg4 29. bxc5 dxc5 30. fxg4 Qf6+ 31. Bf3 Qxc3 32. Qxc3 Bxc3 33.
Bxc5 Bf6 34. Nc4 Kg7 35. Nd2 Rc8 36. Be3 Rc2 37. Be4 Ra2 38. Kf3 Ra4 39. g5 Be5
40. Nf1 Ra3 41. Kg4 Ra6 42. Bf4 Bc3 43. Ne3 Kf8 44. Bd3 Ra4 45. Nc4 Rb4 46. d6
e5 47. Be3 Bd4 48. Bxd4 exd4 49. Kf5 Rb5+ 50. Kf6 Ke8 51. d7+ Kd8 52. Ne5 Rc5
53. Bf5 1-0

[Event "25. Copenhagen Open  (Politiken Cup)"]
[Site "Copenhagen"]
[Date "2003.07.16"]
[Round "3"]
[White "Baark, Mathias"]
[Black "Jensen, Sren G"]
[Result "0-1"]
[WhiteElo "1800"]
[BlackElo "2123"]
[PlyCount "44"]
[EventDate "2003.07.14"]
[EventType "swiss"]
[EventRounds "11"]
[EventCountry "DEN"]
[SourceDate "2004.01.01"]

1. f4 d5 2. Nf3 Nf6 3. e3 g6 4. d4 Bg7 5. Bd3 c5 6. c3 Nc6 7. O-O c4 8. Bc2 Bf5
9. Ne5 O-O 10. Nd2 Qc7 11. h3 e6 12. Ndf3 Bxc2 13. Qxc2 Ne4 14. Nxc4 Ng3 15.
Nce5 Nxf1 16. Kxf1 Nxe5 17. fxe5 f6 18. exf6 Bxf6 19. Kg1 Bg7 20. Ng5 Qg3 21.
e4 Qe1+ 22. Kh2 Rf1 0-1

[Event "25. Copenhagen Open  (Politiken Cup)"]
[Site "Copenhagen"]
[Date "2003.07.16"]
[Round "3"]
[White "Beliavsky, Alexander"]
[Black "Houska, Jovanka"]
[Result "1-0"]
[WhiteElo "2668"]
[BlackElo "2350"]
[PlyCount "115"]
[EventDate "2003.07.14"]
[EventType "swiss"]
[EventRounds "11"]
[EventCountry "DEN"]
[SourceDate "2004.01.01"]

1. d4 d5 2. c4 c6 3. Nf3 Nf6 4. Nc3 a6 5. cxd5 cxd5 6. Bg5 e6 7. e3 Be7 8. Bd3
b5 9. O-O Bb7 10. Qb3 O-O 11. Rfc1 Nc6 12. a4 b4 13. Nb1 Ne4 14. Bxe7 Qxe7 15.
Nbd2 Na5 16. Qd1 Rac8 17. Qe2 Qd6 18. Bxe4 dxe4 19. Ng5 h6 20. Ngxe4 Bxe4 21.
Nxe4 Qd5 22. Nc5 Nb3 23. Nxb3 Qxb3 24. a5 Rxc1+ 25. Rxc1 Qa2 26. Qxa6 Qxb2 27.
Rf1 Qa2 28. h4 Rb8 29. Qa7 Rb5 30. Qd7 Rxa5 31. Qe8+ Kh7 32. Qxf7 Rf5 33. Qb7
Qc4 34. Qe4 h5 35. f3 b3 36. Rb1 Kh8 37. d5 Qxd5 38. Qxd5 Rxd5 39. Rxb3 Kg8 40.
Rb7 Kf8 41. Kf2 Rd2+ 42. Kg3 Rd5 43. Kf4 Rf5+ 44. Ke4 Ra5 45. Rd7 Rb5 46. Kf4
Rf5+ 47. Kg3 Ra5 48. e4 Ra2 49. Rb7 Ra5 50. Kf4 Rc5 51. g4 hxg4 52. fxg4 Ra5
53. h5 Rc5 54. g5 Ra5 55. h6 gxh6 56. gxh6 Kg8 57. Re7 Ra6 58. Ke5 1-0

[Event "25. Copenhagen Open  (Politiken Cup)"]
[Site "Copenhagen"]
[Date "2003.07.16"]
[Round "3"]
[White "Bering, Anders"]
[Black "Struch, Thomas"]
[Result "1-0"]
[WhiteElo "2101"]
[BlackElo "1600"]
[PlyCount "65"]
[EventDate "2003.07.14"]
[EventType "swiss"]
[EventRounds "11"]
[EventCountry "DEN"]
[SourceDate "2004.01.01"]

1. e4 c5 2. Nf3 Nc6 3. Bb5 g6 4. O-O Bg7 5. c3 Nf6 6. d4 Nxe4 7. d5 Nb8 8. Re1
Nf6 9. d6 e6 10. Bg5 a6 11. Ba4 b5 12. Bc2 Nc6 13. Nbd2 Qb6 14. Nb3 Na5 15.
Nxa5 Qxa5 16. a4 b4 17. Ne5 bxc3 18. Qf3 Rb8 19. Bxf6 O-O 20. Nc4 Qb4 21. b3
Bb7 22. Qf4 Bd5 23. Bxg7 Kxg7 24. h4 f6 25. Qg3 Bxc4 26. Re4 Qb6 27. Rxc4 e5
28. Rd1 Rbe8 29. h5 g5 30. Qd3 f5 31. Qxc3 Rf6 32. Qe3 h6 33. Qxc5 1-0